Advance in Mango production Technology/ (Record no. 191697)

MARC details
000 -LEADER
fixed length control field 00598nam a22001937a 4500
005 - DATE AND TIME OF LATEST TRANSACTION
control field 20220831170304.0
010 ## - LCCN (DPL NO)
LC control number ENG-134815
020 ## - INTERNATIONAL STANDARD BOOK NUMBER
Terms of availability 500.00
International Standard Book Number 978-81-937464-0-0
035 ## - SYSTEM CONTROL NUMBER
System control number EN-118347
037 ## - SOURCE OF ACQUISITION
Source of stock number/acquisition DBAD/PUB
082 ## - DEWEY DECIMAL CLASSIFICATION NUMBER
Classification number 634.44
245 ## - TITLE STATEMENT
Title Advance in Mango production Technology/
Statement of responsibility, etc edited by B.R. Salvi at all
250 ## - EDITION STATEMENT
Edition statement
260 ## - PUBLICATION, DISTRIBUTION, ETC. (IMPRINT)
Place of publication, distribution, etc Kolhapur
Name of publisher, distributor, etc Director of Extension Education, DBSKKV, Dapoi
270 ## - ADDRESS
City Kolhapur
Address Tanush Graphics, Shri Shahu Market Yard
Postal code 416005
300 ## - PHYSICAL DESCRIPTION
Extent 416p.
Dimensions 22cm(pbk)
700 ## - ADDED ENTRY--PERSONAL NAME
Personal name B.R. Salvi
942 ## - ADDED ENTRY ELEMENTS (KOHA)
Source of classification or shelving scheme Dewey Decimal Classification
Item type English Books
Classification part 634.44
Call number suffix MAN
Holdings
Withdrawn status Lost status Not for loan Collection code Home library Current library Date acquired Source of acquisition Cost, normal purchase price Full call number Barcode Copy number Cost, replacement price Koha item type
      Non-fiction D.B.Act.Division Mobile Library 31/08/2022 DBAD/PUB 500.00 634.44 MAN EN-118347 1 500.00 English Books

© Delhi Public Library
Hit Counter
free hit counter